000 00633nam a2200229Ia 4500
005 20260320201926.0
008 008 262003s9999 xx 000 0 eng d
037 _aEBOOK
040 _aCRL
040 _beng
040 _cCRL
041 _2eng
041 _aeng
084 _qCRL
100 _aMulder
_9913279
245 0 _aMulti-Cloud Strategy for Cloud Architects: Learn how to adopt and manage public clouds by leveraging BaseOps, FinOps, and DevSecOps
260 _bIEEE
856 _uhttps://ieeexplore.ieee.org/servlet/opac?bknumber=10251305
942 _cEBOOK
999 _c1724317
_d1724317